America right or wrong : (Record no. 190495)
[ view plain ]
| 000 -LEADER | |
|---|---|
| fixed length control field | 01704 a2200373 4500 |
| 003 - CONTROL NUMBER IDENTIFIER | |
| control field | Nust |
| 005 - DATE AND TIME OF LATEST TRANSACTION | |
| control field | 20221220100014.0 |
| 010 ## - LIBRARY OF CONGRESS CONTROL NUMBER | |
| LC control number | 2004012968 |
| 020 ## - INTERNATIONAL STANDARD BOOK NUMBER | |
| International Standard Book Number | 0-19-516840-2 (cloth : alk. paper) |
| 035 ## - SYSTEM CONTROL NUMBER | |
| System control number | (DLC) 2004012968 |
| 035 ## - SYSTEM CONTROL NUMBER | |
| System control number | (Mo)b1537658 |
| 040 ## - CATALOGING SOURCE | |
| Transcribing agency | Nust |
| 082 00 - DEWEY DECIMAL CLASSIFICATION NUMBER | |
| Classification number | 320.5409,LIE |
| 100 1# - MAIN ENTRY--PERSONAL NAME | |
| Personal name | Lieven, Anatol. |
| 9 (RLIN) | 3726 |
| 245 10 - TITLE STATEMENT | |
| Title | America right or wrong : |
| Remainder of title | an anatomy of American nationalism / |
| Statement of responsibility, etc. | Anatol Lieven. |
| 260 ## - PUBLICATION, DISTRIBUTION, ETC. | |
| Place of publication, distribution, etc. | New York : |
| Name of publisher, distributor, etc. | Oxford University Press, |
| Date of publication, distribution, etc. | 2004. |
| 300 ## - PHYSICAL DESCRIPTION | |
| Extent | 274 p. |
| 505 ## - FORMATTED CONTENTS NOTE | |
| Formatted contents note | Introduction (Page-1), An Exceptional Nationalism (Page-19), Thesis Splendor and Tragedy of the American Creed (Page-48), Antithesis Part 1: The Embittered Heartland (Page-88), Antithesis Part II: Fundamentalist and Great Fears (Page-123), American Nationalism Israel and the Middle East (Page-173), Conclusion (Page-217), Notes (Page-223). |
| 650 #0 - SUBJECT ADDED ENTRY--TOPICAL TERM | |
| Topical term or geographic name entry element | Intervention (International law) |
| 9 (RLIN) | 38056 |
| 650 #0 - SUBJECT ADDED ENTRY--TOPICAL TERM | |
| Topical term or geographic name entry element | National characteristics, American. |
| 9 (RLIN) | 8029 |
| 650 #0 - SUBJECT ADDED ENTRY--TOPICAL TERM | |
| Topical term or geographic name entry element | Nationalkarakt�rer |
| 9 (RLIN) | 105269 |
| 650 #0 - SUBJECT ADDED ENTRY--TOPICAL TERM | |
| Topical term or geographic name entry element | Terrorismbek�mpning |
| 9 (RLIN) | 105270 |
| 650 #0 - SUBJECT ADDED ENTRY--TOPICAL TERM | |
| Topical term or geographic name entry element | War on Terrorism, 2001- |
| 9 (RLIN) | 105271 |
| 651 #0 - SUBJECT ADDED ENTRY--GEOGRAPHIC NAME | |
| Geographic name | Middle East |
| General subdivision | Foreign relations |
| Geographic subdivision | United States. |
| 9 (RLIN) | 93771 |
| 651 #0 - SUBJECT ADDED ENTRY--GEOGRAPHIC NAME | |
| Geographic name | Nationalism |
| 9 (RLIN) | 105272 |
| 651 #0 - SUBJECT ADDED ENTRY--GEOGRAPHIC NAME | |
| Geographic name | Nationalism |
| Geographic subdivision | United States |
| General subdivision | History. |
| 9 (RLIN) | 105273 |
| 651 #0 - SUBJECT ADDED ENTRY--GEOGRAPHIC NAME | |
| Geographic name | United States |
| General subdivision | Foreign relations |
| Chronological subdivision | 2001- |
| 9 (RLIN) | 91376 |
| 651 #0 - SUBJECT ADDED ENTRY--GEOGRAPHIC NAME | |
| Geographic name | United States |
| General subdivision | Foreign relations |
| Geographic subdivision | Middle East. |
| 9 (RLIN) | 93770 |
| 651 #0 - SUBJECT ADDED ENTRY--GEOGRAPHIC NAME | |
| Geographic name | United States |
| General subdivision | Foreign relations. |
| 9 (RLIN) | 12813 |
| 651 #0 - SUBJECT ADDED ENTRY--GEOGRAPHIC NAME | |
| Geographic name | United States |
| General subdivision | Politics and government. |
| 9 (RLIN) | 8166 |
| 651 #0 - SUBJECT ADDED ENTRY--GEOGRAPHIC NAME | |
| Geographic name | USA |
| General subdivision | foreign policy |
| -- | nationalism |
| -- | terrorism |
| -- | interventions |
| Geographic subdivision | Middle East |
| 9 (RLIN) | 105274 |
| 655 #4 - INDEX TERM--GENRE/FORM | |
| Genre/form data or focus term | Bok |
| 9 (RLIN) | 89308 |
| 942 ## - ADDED ENTRY ELEMENTS (KOHA) | |
| Source of classification or shelving scheme | |
| Koha item type | Book |
| Call number prefix | 320.5409,LIE |
| Withdrawn status | Lost status | Source of classification or shelving scheme | Damaged status | Not for loan | Permanent Location | Current Location | Shelving location | Date acquired | Full call number | Barcode | Date last seen | Price effective from | Koha item type | Public note |
|---|---|---|---|---|---|---|---|---|---|---|---|---|---|---|
| Military College of Signals (MCS) | Military College of Signals (MCS) | General Stacks | 12/12/2016 | 320.5409,LIE | MCS32313 | 12/08/2016 | 12/12/2016 | Book | Almirah No.49, Shelf No.4 |
